000 00301nam a22001337a 4500
008 180917b xxu||||| |||| 00| 0 eng d
020 _a9780323069519
041 _aeng
080 _26 ED
_a610. 73
100 _a2
101 _aNUR
245 _aPsychiatric Nursing
_cKeltne rN.L
942 _2udc
_cBK
999 _c47836
_d47836